| 000 | 00385cam a22001337a 4500 | ||
|---|---|---|---|
| 008 | 180718b1988 xxu||||| |||| 00| 0 eng d | ||
| 082 | _aG5x54 K151 | ||
| 100 | _aKashyap, Subhash C. | ||
| 245 |
_aParliament of India: myths and realities _cby Subhash C. Kashyap |
||
| 260 |
_aDelhi _bNational _c1988 |
||
| 300 | _a243p. | ||
| 650 | _aCabinet system --India | ||
| 650 | _aIndia. Parliament | ||
| 999 |
_c347540 _d347540 |
||